|
|
|
|
| LEADER |
01098nam a22002417a 4500 |
| 001 |
AAL7873 |
| 003 |
BD-DhAAL |
| 005 |
20160124195827.0 |
| 008 |
160124m20022000bd a|||| b||| 00| 0 b d |
| 020 |
|
|
|a 9844121124
|
| 040 |
|
|
|a BD-DhAAL
|c BD-DhAAL
|
| 082 |
|
|
|a 351.5492
|
| 100 |
|
|
|a আহমদ, এমাজউদ্দীন
|9 17550
|
| 245 |
|
|
|a বাংলাদেশ লোকপ্রশাসন /
|c এমাজউদ্দীন আহমদ
|
| 260 |
|
|
|a ঢাকা :
|b অনন্যা প্রকাশনী,
|c ২০০২.
|
| 300 |
|
|
|a ৪৪৮ পৃ. :
|b চিত্র ;
|c ২২ সে.মি.
|
| 504 |
|
|
|6 Includes bibliography
|
| 541 |
|
|
|e 7873
|
| 650 |
|
|
|a Public administration
|z Bangladesh
|9 17551
|
| 942 |
|
|
|2 ddc
|c BK
|
| 999 |
|
|
|c 36677
|d 36677
|
| 952 |
|
|
|0 0
|1 0
|2 ddc
|4 0
|6 351_549200000000000_AHM
|7 0
|9 57687
|a SCL
|b SCL
|c GEN
|d 2016-01-24
|g 250.00
|l 0
|o 351.5492 AHM
|p 3020007873
|r 2016-01-24
|t 1
|w 2016-01-24
|y BK
|
| 952 |
|
|
|0 0
|1 0
|2 ddc
|4 0
|6 351_549200000000000_AHM
|7 0
|9 57688
|a SCL
|b SCL
|c GEN
|d 2016-01-24
|g 250.00
|l 8
|m 6
|o 351.5492 AHM
|p 3020007872
|r 2018-08-04
|s 2018-07-20
|t 2
|w 2016-01-24
|y BK
|